00856 2200301 4500001002100000005001500021035002000036007000300056040001600059100002800075245007900103250001300182300004000195041000800235082001200243084001800255090002300273264003100296336002100327337003000348338002300378650001300401850001000414008004100424020002200465700004400487990002300531INLIS00000000000466420260524081547 a0010-0122000296ta aSPBUPDbind0 aMunif ChatibePengarang1 aSekolahnya Manusia :bSekolah Berbasis Multiple Intelligences di Indonesia a.-Cet. 2 axxiv, 188 hal. :billus. ;c23,5 cm0 aind a156.315 a156.315 MUN s a156.315 MUN s 1 19 a.--Bandung :bKaifa,c2009 2rdacontentaTeks 2rdamediaaTanpa Perantara 2rdacarrieravolume 4aLearning aPUPAD260524 0  a978-979-1284-28-80 aPenyunting, Budhyastuti R.H.ePengarang a10388/BR/KAPD/2009